000 00548nam a22002057a 4500
003 OSt
005 20210414101524.0
008 210311s1963 ||||| |||| 00| 0 eng d
040 _aeng
_beng
_cDLC
041 _aeng
080 _a821.111
_bB-29
100 _91376
_aBassett James
245 _aHarm's Way
_c/ by: A Signet Book
260 _aNew York
_bA Signet Book
_c1963
300 _a464 p.
365 _b0.75 usd
650 0 _9247
_aEnglish literature
653 _aინგლისური ლიტერატურა
942 _2udc
_cBK
999 _c2145
_d2145